Catálogo público

Producción de forraje en tres variedades de Avena sativa L. / (Record no. 220037)

MARC details
000 -CABECERA
campo de control de longitud fija 03297nam a2200325 a 4500
003 - IDENTIFICADOR DEL NÚMERO DE CONTROL
campo de control OSt
005 - FECHA Y HORA DE LA ÚLTIMA TRANSACCIÓN
campo de control 20250829105758.0
007 - CAMPO FIJO DE DESCRIPCIÓN FÍSICA--INFORMACIÓN GENERAL
campo de control de longitud fija cr ||||||a|c|a
008 - DATOS DE LONGITUD FIJA--INFORMACIÓN GENERAL
campo de control de longitud fija 240730s2021 mx a|||fom||| 001 0 spa d
040 ## - FUENTE DE LA CATALOGACIÓN
Normas de descripción rda
100 1# - ENTRADA PRINCIPAL--NOMBRE DE PERSONA
Nombre de persona León Olán, Oziel
9 (RLIN) 189296
245 10 - MENCIÓN DE TÍTULO
Título Producción de forraje en tres variedades de Avena sativa L. /
Mención de responsabilidad, etc. por Oziel León Olán; director de tesis Sergio Ibán Mendoza Pedroza; secretario Diego Vázquez Aguilar; vocal José Melquiades Monzón Armenta; suplente José Isidro Alejo de la fuente; suplente Eliseo Sosa Montes.
264 #1 - PRODUCCIÓN, PUBLICACIÓN, DISTRIBUCIÓN, FABRICACIÓN Y COPYRIGHT
Producción, publicación, distribución, fabricación y copyright Chapingo, México :
Nombre del de productor, editor, distribuidor, fabricante El autor,
Fecha de producción, publicación, distribución, fabricación o copyright 2021.
300 ## - DESCRIPCIÓN FÍSICA
Extensión 1 recurso en línea (59 páginas):
Otras características físicas cuadros. figuras.
336 ## - TIPO DE CONTENIDO
Fuente rdacontent
Término de tipo de contenido texto
Código de tipo de contenido txt
337 ## - TIPO DE MEDIO
Fuente rdamedia
Nombre/término del tipo de medio computadora
Código del tipo de medio c
338 ## - TIPO DE SOPORTE
Fuente rdacarrier
Nombre/término del tipo de soporte recurso en línea
Código del tipo de soporte cr
502 ## - NOTA DE TESIS
Tipo de título Ingeniero Agrónomo Especialista en Zootecnia
Nombre de la institución que otorga el título Departamento de Enseñanza, Investigación y Servicio en Zootecnia,
Año de obtención del título 2021.
Información miscelánea Licenciatura
504 ## - NOTA DE BIBLIOGRAFÍA, ETC.
Nota de bibliografía, etc. Incluye referencias bibliográficas: páginas 54-59.
520 ## - SUMARIO, ETC.
Sumario, etc. La avena en México es un cultivo que tiene una amplia adaptación climática, es el tercer cultivo de interés económico, por tal razón se evaluó la producción de forraje de tres variedades de Avena sativa L. con las variables de rendimiento de forraje (RF), contenido de materia seca (MS), composición botánica (CB), composición morfológica (CM), relación hoja:tallo (H:T), altura con regla y plato (AR y AP) y radiación interceptada (RI) en función de los días después de la siembra (DDS). El estudio se llevó a cabo en el campo experimental del Colegio de Postgraduados, el área experimental se dividió en 27 parcelas de 49 m2 (7x7 m). Se utilizó un diseño completamente al azar de tres tratamientos con nueve repeticiones. El promedio de RF fue de 12705 kg MS ha-1 a los 112 DDS, Karma se encontró por debajo del promedio y Chihuahua y Turquesa lo superaron con 13 505 y 13 459 kg MS ha-1 respectivamente, a pesar de ello, no existieron diferencias significativas (P>0.05). En la CB Karma tuvo presencia de malezas contrario a las otras, y las tres mostraron la misma tendencia en la CM, disminución en el aporte de hoja (H) y aumento en tallo (T), material muerto (MM) e inflorescencia (I) a medida que avanzan los DDS. Respecto a la relación H:T, el %H en los primeros DDS superaron al 50%, proporción que se invirtió en los cortes posteriores. AR y RI resultaron en regresiones que permiten predecir el RF para cada una de las variedades. No hubo efecto de variedad en la producción de forraje (P>0.05), pero se presentó mayor rendimiento y altura de regla en Chihuahua (P<0.05). El método indirecto que generó fórmulas confiables para poder predecir RF en avena fue AR y AP mientras que RI no es aceptable para estimar dicho indicador productivo de la especie.
650 #2 - PUNTO DE ACCESO ADICIONAL DE MATERIA--TÉRMINO DE MATERIA
Término de materia o nombre geográfico como elemento de entrada Avena como forraje
Subdivisión general Valor nutritivo
9 (RLIN) 133126
650 #4 - PUNTO DE ACCESO ADICIONAL DE MATERIA--TÉRMINO DE MATERIA
Término de materia o nombre geográfico como elemento de entrada Avena
Subdivisión general Rendimiento
9 (RLIN) 8539
700 1# - PUNTO DE ACCESO ADICIONAL--NOMBRE DE PERSONA
Nombre de persona Mendoza Pedroza, Sergio Ibán
9 (RLIN) 74719
Término indicativo de función/relación Director de tesis.
700 1# - PUNTO DE ACCESO ADICIONAL--NOMBRE DE PERSONA
Nombre de persona Vázquez Aguilar, Diego
9 (RLIN) 189295
Término indicativo de función/relación Secretario.
700 1# - PUNTO DE ACCESO ADICIONAL--NOMBRE DE PERSONA
Nombre de persona Monzón Armenta, José Melquiades
9 (RLIN) 78028
Término indicativo de función/relación Vocal.
700 0# - PUNTO DE ACCESO ADICIONAL--NOMBRE DE PERSONA
Nombre de persona Alejos de la Fuente, José Isidro
9 (RLIN) 3759
Término indicativo de función/relación Suplente.
700 1# - PUNTO DE ACCESO ADICIONAL--NOMBRE DE PERSONA
Nombre de persona Sosa Montes, Eliseo
Término indicativo de función/relación Suplente.
9 (RLIN) 108816
856 ## - LOCALIZACIÓN Y ACCESO ELECTRÓNICOS
Identificador Uniforme del Recurso http://10.13.5.2/tesis/tl/2021_ZO_Leon_Olan_Oziel.pdf
Nota pública DESCARGAR PDF
942 ## - ELEMENTOS DE PUNTO DE ACCESO ADICIONAL (KOHA)
Fuente del sistema de clasificación o colocación Clasificación Universidad Autónoma Chapingo
Tipo de ítem Koha Tesis digital
Holdings
Estado de retiro Estado de pérdida Fuente del sistema de clasificación o colocación Estado dañado Restricciones de uso No para préstamo Código de colección Localización permanente Ubicación/localización actual Ubicación en estantería Fecha de adquisición Total de préstamos Signatura topográfica completa Fecha visto por última vez Precio válido a partir de Tipo de ítem Koha
    Clasificación Universidad Autónoma de Chapingo   Préstamo interno   Tesis digitales de Licenciatura Biblioteca Digital Biblioteca Digital En línea 30/07/2024   Tesis digital 30/07/2024 30/07/2024 Tesis digital